Alle Pokémon - Attacken vom Typ "Normal" - Statistiken

Allgemein
  • Dieses Quiz wurde 21 mal gespielt
    11 seit der letzten Aktualisierung
  • Das Durchschnittsergebnis liegt bei 74 aus 202
Antwortstatistiken
Attacke % Korrekt
Tackle
100%
Angeberei
80%
Blitz
80%
Heuler
80%
Hyperstrahl
80%
Kratzer
80%
Ruckzuckhieb
80%
Schwerttanz
80%
Abgesang
60%
Anziehung
60%
Bauchtrommel
60%
Bodyslam
60%
Brüller
60%
Doppelschlag
60%
Doppelteam
60%
Einigler
60%
Entfessler
60%
Explosion
60%
Fassade
60%
Finale
60%
Furienschlag
60%
Gähner
60%
Geduld
60%
Genesung
60%
Gesang
60%
Gigastoß
60%
Grimasse
60%
Horter
60%
Hyperzahn
60%
Irrschlag
60%
Jauler
60%
Klammer
60%
Klaps
60%
Klingensturm
60%
Komprimator
60%
Kratzfurie
60%
Kraxler
60%
Megahieb
60%
Megakick
60%
Metronom
60%
Milchgetränk
60%
Mogelhieb
60%
Platscher
60%
Rauchwolke
60%
Rechte Hand
60%
Risikotackle
60%
Rückkehr
60%
Schallwelle
60%
Schlafrede
60%
Schlitzer
60%
Schutzschild
60%
Slam
60%
Spotlight
60%
Stafette
60%
Stampfer
60%
Stärke
60%
Sternschauer
60%
Superschall
60%
Triplette
60%
Turbotempo
60%
Ultraschall
60%
Wachstum
60%
Weichei
60%
Wickel
60%
Wirbelwind
60%
Zermalmklaue
60%
Zugabe
60%
Akupressur
40%
Aufruhr
40%
Ausdauer
40%
Auswringen
40%
Bodycheck
40%
Bodyguard
40%
Delegator
40%
Dreschflegel
40%
Duplexhieb
40%
Eierbombe
40%
Energiefokus
40%
Frustration
40%
Fuchtler
40%
Geheimpower
40%
Geschenk
40%
Guillotine
40%
Härtner
40%
Heilung
40%
Hornattacke
40%
Hornbohrer
40%
Horrorblick
40%
Kanon
40%
Klammergriff
40%
Kopfnuss
40%
Kraftreserve
40%
Kraftschub
40%
Leidteiler
40%
Mäuseplage
40%
Meteorologe
40%
Mimikry
40%
Morgengrauen
40%
Nachahmer
40%
Natur -Kraft
40%
Notsituation
40%
Raserei
40%
Riechsalz
40%
Rückentzug
40%
Rutenschlag
40%
Schädelwumme
40%
Schnarcher
40%
Silberblick
40%
Superzahn
40%
Tagedieb
40%
Tarnung
40%
Taumeltanz
40%
Trumpfkarte
40%
Turbodreher
40%
Umklammerung
40%
Verzehrer
40%
Verzweifler
40%
Vitalglocke
40%
Wandler
40%
Zahltag
40%
Zermürben
40%
Zerschneider
40%
Zielschuss
40%
Zuflucht
40%
Zuschuss
40%
Abpausen
20%
Aufbereitung
20%
Aussetzer
20%
Beerenkräfte
20%
Blutmond
20%
Dornkanone
20%
Dyna-Wall
20%
Egotrip
20%
Feldimpuls
20%
Galanterie
20%
Goldene Zeiten
20%
Händchenhalten
20%
Hausbruch
20%
Heimzahlung
20%
Hyperbohrer
20%
Imitator
20%
Kampfgebrüll
20%
Kometenhieb
20%
Konzentration
20%
Kreideschrei
20%
Liebreiz
20%
Lockduft
20%
Multi -Angriff
20%
Offenlegung
20%
Quetschgriff
20%
Scharfblick
20%
Schärfer
20%
Schlangenblick
20%
Schnüffler
20%
Spaßkanone
20%
Stakkato
20%
Steinschädel
20%
Tera -Ausbruch
20%
Todeskuss
20%
Trugschlag
20%
Überschallknall
20%
Umwandlung
20%
Umwandlung 2
20%
Urgesang
20%
Urteilskraft
20%
Vertrauenssache
20%
Wecktanz
20%
Widerhall
20%
Willensleser
20%
Wunschtraum
20%
Abspaltung
0%
Aufräumen
0%
Backenstopfer
0%
Beschwörung
0%
Bezirzer
0%
Dyna -Angriff
0%
Ehrentag
0%
Evo -Crash
0%
Giga -Gekuschel
0%
Giga -Münzregen
0%
Giga-Recycling
0%
Hyper -Sprintangriff
0%
Kameradschaft
0%
Kehrschelle
0%
Kraftwechsel
0%
Macht der Neun
0%
Offerte
0%
Psycho - Plus
0%
Rampenlicht
0%
Rasender Stier
0%
Schluss mit lustig
0%
Schwanzabwurf
0%
Seitenwechsel
0%
Teatime
0%
Techblaster
0%
Tera -Sternhagel
0%
Tränendrüse
0%
Typenspiegel
0%
Vitalsegen
0%
Wankelstrahl
0%
Zurückhaltung
0%
Zwango
0%
Keine übereinstimmenden Quizze gefunden
Verteilung der Resultate
Anzahl Personen mit jedem Resultat
Perzentil nach korrekt beantworteten Fragen
Ihre Resultats-Entwicklung
Sie haben dieses Quiz seit der letzten Aktualisierung nicht gespielt